Skoki Narciarskie - Zdobywcy Podium z Niemiec (2010-2019) - Statystyki

Ogólne statystyki
  • Ten quiz został rozwiązany 74 razy
  • Średni wynik to 7 z 10
Statystyki odpowiedzi
Liczba podiów Lata aktywności Skoczkowie % Poprawnych
25 2012- Andreas Wellinger
93%
53 2007-2022 Severin Freund
92%
6 2012- Karl Geiger
90%
11 2011-2025 Markus Eisenbichler
90%
23 2009-2022 Richard Freitag
85%
1 2014-2025 Stephan Leyhe
68%
2 2000-2016 Michael Neumayer
67%
2 2004-2018 Andreas Wank
53%
1 2013-2016 Marinus Kraus
52%
1 1994-2011 Michael Uhrmann
50%
Nie znaleziono quizów pasujących do podanych kryteriów
Rozkład punktacji
Procent ludzi z każdym wynikiem
Percentyl według liczby udzielonych odpowiedzi
Twoja historia wyników
Nie rozwiązałeś tego quizu